Mario Kart 8 Deluxe (+ DLC) - Tous les circuits - Statistiques

Statistiques générales
  • Ce quiz a été pris 362 fois
    327 depuis la dernière actualisation
  • Le résultat moyen est 41 sur 96
Statistiques - réponses
Hint Plateforme d'origine Réponse % Correct
Coupe Fleur Switch Circuit Mario
81%
GBA Circuit Mario
81%
DS Circuit Mario
81%
Switch Route Arc-en-ciel
79%
N64 Route Arc-en-ciel
79%
SNES Route Arc-en-ciel
79%
3DS Route Arc-en-ciel
79%
Wii Route Arc-en-ciel
79%
Switch Château de Bowser
73%
Coupe Champignon Switch Champidrome
70%
Coupe Oeuf GCN Circuit Yoshi
62%
Switch Animal Crossing
58%
Switch Big Blue
56%
3DS Circuit Toad
54%
Switch Descente Givrée
54%
Coupe Carapace Wii Prairie Meuh-Meuh
54%
Coupe Turbo Dorée Tour Promenade à Paris
54%
Wii Supermarché Coco
54%
Switch Promenade Toad
53%
Coupe Feuille DS Stade Wario
52%
Coupe Étoile Switch Aéroport Azur
51%
Switch Mute City
51%
Switch Temple Thwomp
51%
N64 Autoroute Toad
50%
Coupe Banane GCN Désert Sec Sec
50%
Switch Manoir Trempé
50%
Coupe Triforce Wii Mine Wario
50%
Coupe Crossing GCN Parc Baby
50%
Switch Circuit d'Hyrule
49%
Switch Club Mario
49%
Switch Lagon Tourbillon
48%
GCN Montagne DK
48%
Wii Pic DK
48%
Wii Bois Vermeil
47%
Coupe Éclair DS Horloge Tic-Tac
47%
Switch Piste aux Délices
47%
Wii Volcan Grondant
46%
Wii Circuit Daisy
45%
Switch Cascades Maskass
44%
Switch Désert Toussec
44%
Wii Gorge Champignon
44%
GBA Route Ruban
44%
N64 Vallée Yoshi
44%
Coupe Clochette 3DS Koopapolis
43%
Switch Parc Glougloop
43%
GCN Stade Waluigi
43%
Coupe Spéciale Switch Voie Céleste
43%
DS Flipper Waluigi
42%
DS Jardin Peach
42%
GBA Pays Fromage
42%
N64 Montagne Choco
39%
3DS Piste Musicale
39%
DS Plage Cheep-Cheep
39%
SNES Plaine Donut 3
39%
N64 Autodrome Royal
38%
Wii Cap Koopa
38%
Switch Métro Turbo
38%
Switch Dojo Ninja
37%
Switch Passage Feuillage
37%
Switch Route du Dragon
36%
3DS Égout Piranha
35%
GCN Paquebot Daisy
34%
GCN Royaume Sorbet
34%
Switch Station Glagla
34%
SNES Circuit Mario 3
33%
DS Corniche Champignon
33%
SNES Château de Bowser 3
32%
N64 Désert Kalimari
32%
3DS Forêt Tropicale DK
32%
GBA Jardin Volant
31%
GBA Lac Boo
31%
Switch Cité Sorbet
30%
Wii Route Clair de Lune
30%
Coupe Hélico Tour Sprint à Sydney
30%
GBA Pays Neigeux
29%
Switch Arène d'Excitebike
28%
Coupe Boomerang Tour Bousculade à Bangkok
28%
Switch Course à la propreté
28%
Coupe Navet Tour Escapade New-Yorkaise
28%
Switch Île de Yoshi
28%
Coupe à épines Tour Méandres Madrilènes
28%
Coupe Maneki-neko Tour Traversée de Tokyo
28%
Switch Mont Festif
27%
3DS Mont Éboulis
26%
Coupe Lune Tour Balade Berlinoise
25%
Coupe Pierre Tour Détour à Londres
25%
Coupe Gland Tour Roma Romantica
25%
3DS Monde glacé d'Harmonie
24%
GBA Pays Crépuscule
24%
GBA Riverside Parc
24%
Coupe Fruit Tour Virée à Amsterdam
24%
Tour Virages à Vancouver
22%
Coupe Plume Tour Athènes Antique
20%
Tour Poursuite à Singapour
20%
Coupe Cerises Tour Road-trip à Los Angeles
20%
Switch Ruines Plante Piranha
20%
Aucun quiz correspondant
Distribution des résultats
% des personnes avec chaque résultat
Percentile par nombre de réponses
Votre historique - résultats
Vous n’avez pas pris ce quiz depuis la dernière actualisation